| 000 | 00529nam a2200181Ia 4500 | ||
|---|---|---|---|
| 001 | 25465 | ||
| 005 | 20260414151152.0 | ||
| 008 | 260414t2015||||xx |||||||||||||| ||spa|| | ||
| 041 | _aESP | ||
| 082 |
_a346.51 _bT72 |
||
| 100 |
_aTorrent Ruiz, Armando _eAUT |
||
| 245 | 0 |
_aLos contratos a favor de terceros : _bdel derecho romano a los Principles, definitions and model rules of the European private law |
|
| 260 | _c2015 | ||
| 300 |
_a245 páginas : _c24 cm. |
||
| 650 | _aDER | ||
| 654 | _aCDE | ||
| 942 |
_cLIB _dJUS _fJUS _2ddc _n |
||
| 999 |
_c25465 _d25465 |
||